Visualizzazione normale
Vista MARC
- Perino, Renato
di Personal Name
Records bibliografici associati: 2
001 - CONTROL NUMBER
- control field: 188
003 - CONTROL NUMBER IDENTIFIER
- control field: IT-RoPau
005 - DATE AND TIME OF LATEST TRANSACTION
- control field: 20130118110524.0
008 - FIXED-LENGTH DATA ELEMENTS
- fixed length control field: 130118|| aca||aabn | a|a d
040 ## - CATALOGING SOURCE
- Original cataloging agency: IT-RoPau
- Transcribing agency: IT-RoPau
100 ## - HEADING--PERSONAL NAME
- Personal name: Perino, Renato
- Titles and other words associated with a name: ssp
670 ## - SOURCE DATA FOUND
- Source citation: Work cat.: (IT-RoPau): Perino, Renato ssp, Don Alberione "San Paolo vivo oggi", 1996